| 000 | 01191nam a2200289 i 4500 | ||
|---|---|---|---|
| 001 | 47793 | ||
| 003 | ES-MaACL | ||
| 005 | 20250817075548.0 | ||
| 007 | t| | ||
| 008 | 030528s2001 sp ||||0| spa j | ||
| 020 | _a84-87181-80-5 | ||
| 040 |
_aM-BN _bspa _cM-BN |
||
| 080 | _a76 Callot, Jacques (083.824) | ||
| 100 | 1 |
_aCallot, Jacques ( _d1592-1635) _933759 |
|
| 245 | 1 | 0 |
_aComedia y tragedia, Jacques Callot, 1592-1635 / _c[organizada por] Calcografía Nacional, Real Academia de Bellas Artes de San Fernando, Philip Morris Spain. |
| 260 |
_a[Madrid] : _bCalcografía Nacional, _c[2001] |
||
| 300 |
_a133 p. : _bil. ; _c25 cm. |
||
| 500 | _aExposición: Museo de la Pasión, Fundación Municipal de Cultura, Valladolid, 29 noviembre 2001-13 enero 2002; Calcografía Nacional, Madrid, 14 febrero-17 marzo 2002. | ||
| 504 | _aBibliografía: p. 117-118. | ||
| 600 | 1 | 4 |
_aCallot, Jacques ( _d1592-1635)- _vExposiciones. _933760 |
| 655 | 7 |
_2tgfbne _9193628 _aCatálogos de exposiciones |
|
| 710 | 2 |
_aMuseo de la Pasión (Valladolid) _95856 |
|
| 710 | 2 |
_aCalcografía Nacional (España) _92350 |
|
| 852 |
_aES-MaACL _jL-26377 _bR.131449 |
||
| 942 | _2udc | ||
| 999 |
_c47793 _d47793 |
||